000 01276cam a22003497a 4500
003 CHAP
005 20220817043720.0
008 001011d1999 it r 00010 eng d
010 _a82541
011 _a83513
020 _a9251043159
035 _a94026
040 _cCHAP
082 1 0 _a639.2
_bF46 v.605
110 2 _aFAO
245 1 0 _aReport of the workshop of national coordinators of the UNEP/GEF/FAO project on reducing the impact of tropical shrimp trawling fisheries on living marine resources through the adoption of environmentally friendly techniques and practices
_c/by FAO
260 _aRome :
_bFAO,
_c1999.
300 _a46 p. :
_bcuadros
490 0 _aFAO. Informe de pesca
_v; 605
590 _aBATCH-UPD
_b10
_c20130110
_lUCH01
_h0238
590 _aBATCH-UPD
_b10
_c20130110
_lUCH01
_h1044
590 _aBATCH-UPD
_b10
_c20130409
_lUCH01
_h2304
590 _aBATCH-UPD
_b10
_c20130914
_lUCH01
_h1348
590 _aCONVERSION
_b10
_c20130109
_lUCH01
_h1346
650 1 4 _aPesquería
_zRegión Mediterránea.
_987523
650 1 4 _aRecursos marinos.
830 0 _aFAO. Informe de pesca
_v; 605
_939587
901 _aBK
905 _aPatricia Mendoza P.
942 _cLIBRO
949 _a639.2 F46 v.605
_bBC
_cFAO
_d33724000770814
_eFAO1
_h98697
_i94026
_kDpnaciØn
_sb
999 _c82541
_d82541